| 000 | 009530am a2200277 004500 | ||
|---|---|---|---|
| 003 | EG-GiCUC | ||
| 008 | 070530s1982 ua g 000 0 ara d | ||
| 017 |
_a1982 / 4520 _bمصر.دار الكتب |
||
| 020 | _a9770201987 | ||
| 040 |
_aEG-GiCUC _bara _cEG-GiCUC |
||
| 041 | 1 |
_aara _heng |
|
| 050 | 4 |
_aPS3515A515. _bZ3 1982 |
|
| 092 | 0 | 4 |
_a822 _bH2492 _221 |
| 099 |
_a04 _a822 H2492 |
||
| 100 | 1 |
_aهانزبيرى : لورين : _d1930-1965 |
|
| 245 | 1 | 0 |
_aزبيبة فى الشمس / _cتأليف لورين هانزبيرى ؛ ترجمة سميرة مصطفى |
| 260 |
_aالقاهرة : _bدارالمعارف : _c1982 |
||
| 300 |
_a128ص ؛ _c20سم |
||
| 546 | _aترجمه لكتاب : A Raisin in the sun | ||
| 650 | 7 |
_aالمسرحيات الانجليزية _2qrmak |
|
| 700 | 1 |
_aمصطفى : سميرة : _eمترجم |
|
| 902 | _a2 | ||
| 905 |
_aالهام _eمدخل |
||
| 905 |
_aايمان ع _eمراجع |
||
| 942 |
_2ddc _cBK |
||
| 999 |
_c96895 _d96895 |
||